|
|
|
|
| LEADER |
00579nam a2200133Ia 4500 |
| 008 |
111204s9999 xx 000 0 mal d |
| 100 |
|
|
|a Shyamaprasad
|
| 245 |
|
|
|a Akale
|c Syamaprasad
|
| 260 |
|
|
|b Mathrubhumi
|a Kozhikode
|c 2006
|
| 300 |
|
|
|a 88P.
|
| 942 |
|
|
|c BK
|
| 999 |
|
|
|c 227155
|d 227155
|
| 952 |
|
|
|0 0
|1 0
|2 ddc
|4 0
|6 791_437000000000000_SHY_A
|7 0
|9 250778
|a MAL
|b MAL
|c ST1
|d 1972-09-22
|g 0.00
|l 0
|o 791.437 SHY/A
|p MAL29458
|r 2011-12-05
|v 45.00
|w 2011-12-05
|y BK
|
| 952 |
|
|
|0 0
|1 0
|2 ddc
|4 0
|6 791_437000000000000_SHY_A
|7 0
|9 250779
|a MAL
|b MAL
|c ST1
|d 2012-06-06
|g 50.00
|l 0
|o 791.437 SHY/A
|p MAL34176
|r 2015-04-13
|w 2015-04-13
|y BK
|